[Event "10MCR_4DW_1L_2S"]
[Site "CR"]
[Date "2012.??.??"]
[Round "?"]
[White "Nedoma, Petr"]
[Black "Cakl, Miloslav"]
[Result "1-0"]
[WhiteElo "2417"]
[BlackElo "2123"]
[Annotator "48"]
[PlyCount "109"]
[EventDate "2012.??.??"]
[EventType "corr"]

1. d4 Nf6 2. c4 e6 3. Nf3 d5 4. Nc3 Be7 5. Bf4 Nc6 6. e3 O-O 7. a3 Nh5 8. Be5
f6 9. Bg3 Na5 10. Nd2 Nxg3 11. hxg3 c6 12. cxd5 cxd5 13. Bd3 f5 14. g4 h6 15.
gxf5 exf5 16. b4 Nc6 17. Nxd5 Bg5 18. f4 Bh4+ 19. Kf1 Be6 20. Nc3 Bf6 21. Nf3
a5 22. b5 Ne7 23. Kf2 Qd6 24. Qd2 Rac8 25. Bb1 Bb3 26. Rc1 Qe6 27. Ba2 g5 28.
fxg5 hxg5 29. d5 Bxc3 30. Rxc3 Bxd5 31. Rd3 Bxa2 32. Nxg5 Qc4 33. Qxa2 Qxa2+
34. Rxa2 Rfd8 35. Rad2 Rxd3 36. Rxd3 Rc2+ 37. Kf3 Ng6 38. Rd6 Ne5+ 39. Kf4 Nc4
40. Rd7 Rxg2 41. Kxf5 Nxe3+ 42. Kg6 Kf8 43. Rxb7 Nd5 44. Kf5 Ne3+ 45. Ke5 Rxg5+
46. Kf4 Rh5 47. Kxe3 Rh3+ 48. Kd4 Rxa3 49. b6 Rb3 50. Kc5 a4 51. Ra7 Ke8 52.
Kc6 Rc3+ 53. Kd6 Rd3+ 54. Kc7 Rc3+ 55. Kb8 1-0

[Event "10MCR_4DW_1L_2S"]
[Site "CR"]
[Date "2012.??.??"]
[Round "?"]
[White "Nedoma, Petr"]
[Black "Cernovsky, Karel"]
[Result "1/2-1/2"]
[WhiteElo "2417"]
[BlackElo "2331"]
[Annotator "49"]
[PlyCount "114"]
[EventDate "2012.??.??"]
[EventType "corr"]

1. d4 Nf6 2. c4 e6 3. Nf3 d5 4. Nc3 c6 5. e3 Nbd7 6. Bd3 dxc4 7. Bxc4 b5 8. Bd3
a6 9. e4 c5 10. d5 c4 11. dxe6 fxe6 12. Bc2 Qc7 13. O-O Bc5 14. Qe2 Ne5 15.
Nxe5 Qxe5 16. Kh1 Bb7 17. f4 Qh5 18. Qxh5+ Nxh5 19. e5 g6 20. Ne4 Be7 21. Kg1
Ng7 22. Rd1 O-O 23. g4 Bc6 24. Be3 Ne8 25. Kf2 Nc7 26. Nf6+ Bxf6 27. exf6 Rxf6
28. Rd6 Bd5 29. Kg3 Rf7 30. Rb6 Raf8 31. Re1 Rd8 32. a3 Rfd7 33. h4 Ba8 34. Bc1
Bd5 35. Re5 c3 36. h5 Bb3 37. Bxb3 Rd3+ 38. Kh4 cxb2 39. Bxe6+ Nxe6 40. Bxb2
Nxf4 41. Re7 R3d7 42. Re4 Nd3 43. Bf6 Rc8 44. hxg6 hxg6 45. Kg5 Kh7 46. Re3
Rc5+ 47. Kh4 g5+ 48. Bxg5 Ne5 49. Bf6 Nc4 50. Rc3 Nxb6 51. Rxc5 Nd5 52. Bb2 Ne7
53. Kg3 Kg6 54. Kf4 Rd8 55. Ke5 Rc8 56. Kd6 Rxc5 57. Kxc5 Kg5 1/2-1/2

[Event "10MCR_4DW_1L_2S"]
[Site "CR"]
[Date "2013.??.??"]
[Round "?"]
[White "Cernovsky, Karel"]
[Black "Hostinsky, Jiri"]
[Result "1/2-1/2"]
[WhiteElo "2331"]
[BlackElo "2391"]
[Annotator "50"]
[PlyCount "89"]
[EventDate "2012.??.??"]
[EventType "corr"]

1. e4 c5 2. Nf3 e6 3. d4 cxd4 4. Nxd4 a6 5. Nc3 Qc7 6. Be2 Nf6 7. O-O Nc6 8.
Be3 Be7 9. f4 d6 10. Qe1 O-O 11. Rd1 Bd7 12. Qg3 Kh8 13. Nf3 Nb4 14. a3 Nxc2
15. Bf2 d5 16. Ne5 d4 17. Nxd7 Nxd7 18. Rc1 Ne3 19. Bxe3 dxe3 20. Nd5 Qd6 21.
Nxe7 Qxe7 22. Qxe3 Nf6 23. g4 Rfc8 24. h4 Kg8 25. Kg2 Rxc1 26. Rxc1 Rd8 27. g5
Ne8 28. Qc3 Nd6 29. Qc5 Qe8 30. Qe5 b5 31. Rc7 Nc4 32. Qc3 Rd7 33. Rc5 Qe7 34.
Rc6 Rd6 35. Rc8+ Rd8 36. Rxd8+ Qxd8 37. a4 h6 38. axb5 axb5 39. gxh6 gxh6 40.
b3 Nd2 41. Bd3 f5 42. exf5 Qd5+ 43. Kf2 Nxb3 44. Qc8+ Kg7 45. Qc7+ 1/2-1/2

[Event "10MCR_4DW_1L_2S"]
[Site "CR"]
[Date "2013.??.??"]
[Round "?"]
[White "Gubas, Jan"]
[Black "Hostinsky, Jiri"]
[Result "1/2-1/2"]
[WhiteElo "2334"]
[BlackElo "2391"]
[Annotator "51"]
[PlyCount "99"]
[EventDate "2012.??.??"]
[EventType "corr"]

1. e4 c5 2. Nf3 e6 3. Nc3 a6 4. d4 cxd4 5. Nxd4 Qc7 6. Be2 Nf6 7. O-O Nc6 8.
Kh1 Be7 9. f4 d6 10. Be3 O-O 11. Qe1 Bd7 12. a4 Rac8 13. Qg3 Nb4 14. a5 Kh8 15.
Rfd1 e5 16. fxe5 dxe5 17. Nf3 Nxc2 18. Bb6 Qb8 19. Rac1 Nb4 20. Qxe5 Qxe5 21.
Nxe5 Be6 22. Rd4 Rfe8 23. Rcd1 Bf8 24. Rf1 Nc2 25. Rd2 Na3 26. Rd4 h6 27. Bd3
Bc5 28. Bxc5 Rxc5 29. Nf3 Nc4 30. Bxc4 Bxc4 31. Ra1 Be6 32. h3 Rec8 33. Kg1 g6
34. Kf2 Kg7 35. Raa4 R8c7 36. Ke3 Re7 37. Ra3 Bd7 38. g4 Rc8 39. Ra1 Bc6 40.
Nd2 Rce8 41. Rf1 Re6 42. b3 g5 43. Rf5 Kg6 44. Rc4 R8e7 45. Kd3 Ne8 46. Rd4 Nd6
47. Nd5 Bxd5 48. Rfxd5 Nb5 49. Rb4 f6 50. Ra4 1/2-1/2

[Event "10MCR_4DW_1L_2S"]
[Site "CR"]
[Date "2013.??.??"]
[Round "?"]
[White "Pavlicek, Miroslav"]
[Black "Hostinsky, Jiri"]
[Result "0-1"]
[WhiteElo "2232"]
[BlackElo "2391"]
[Annotator "52"]
[PlyCount "110"]
[EventDate "2012.??.??"]
[EventType "corr"]

1. d4 Nf6 2. c4 g6 3. Nc3 Bg7 4. e4 d6 5. Be2 O-O 6. Bg5 Na6 7. Nf3 h6 8. Bf4
e5 9. dxe5 Nh5 10. Be3 dxe5 11. Qc1 Kh7 12. O-O c6 13. Rd1 Qe7 14. Ne1 Nf4 15.
Bxf4 exf4 16. Qxf4 Nc5 17. f3 f5 18. Qe3 b6 19. b4 f4 20. Qc1 Ne6 21. Rb1 Qf6
22. Na4 Nd4 23. Bf1 Be6 24. Rb2 Rad8 25. Rbd2 Rd7 26. Nd3 Rfd8 27. Kh1 g5 28.
e5 Qg6 29. c5 Nf5 30. Nf2 b5 31. Rxd7 Rxd7 32. Rxd7 Bxd7 33. Nc3 Bxe5 34. Nce4
Qg7 35. Ng4 Bd4 36. Qd2 Kh8 37. Nef6 Be6 38. Ne8 Qd7 39. Nd6 Bg7 40. Qe2 Nxd6
41. Ne5 Qe8 42. cxd6 Bf5 43. Ng4 Qxe2 44. Bxe2 Be6 45. Bd1 Bc3 46. Nxh6 Bxb4
47. Bb3 Bxb3 48. axb3 Kg7 49. Nf5+ Kf6 50. d7 Be7 51. Nd4 a5 52. Nxc6 a4 53.
bxa4 bxa4 54. Nb4 Ke6 55. g3 Kxd7 0-1

[Event "10MCR_4DW_1L_2S"]
[Site "CR"]
[Date "2013.??.??"]
[Round "?"]
[White "Hostinsky, Jiri"]
[Black "Hrdy, Roman"]
[Result "1-0"]
[WhiteElo "2391"]
[BlackElo "2356"]
[Annotator "53"]
[PlyCount "123"]
[EventDate "2012.??.??"]
[EventType "corr"]

1. e4 c6 2. d4 d5 3. e5 Bf5 4. Nf3 e6 5. Be2 Nd7 6. O-O h6 7. c3 Ne7 8. Na3 Qc7
9. Nc2 Be4 10. Bd3 Bxd3 11. Qxd3 c5 12. Bd2 Rc8 13. Rfc1 c4 14. Qe2 Nf5 15. b3
Be7 16. g4 Nh4 17. Nxh4 Bxh4 18. f4 f6 19. Ne3 fxe5 20. bxc4 dxc4 21. Ng2 Be7
22. fxe5 g5 23. Qe4 Nb6 24. a4 Kd7 25. Ne3 Qc6 26. Qxc6+ Rxc6 27. Rcb1 Rb8 28.
Rf1 Rf8 29. Rxf8 Bxf8 30. Kg2 Nd5 31. Rb1 Kc7 32. Rf1 Be7 33. Rf7 Kd8 34. Kf3
Ra6 35. Ke4 Nb6 36. d5 exd5+ 37. Nxd5 Nxd5 38. Kxd5 Rxa4 39. Rh7 Ra5+ 40. Ke6
Ra6+ 41. Kf5 b5 42. h4 Ra2 43. Be3 b4 44. cxb4 c3 45. Rxh6 gxh4 46. Rh8+ Kc7
47. Rh7 Kd8 48. e6 Bxb4 49. Bg5+ Kc8 50. Bf4 a5 51. g5 Rf2 52. Rh8+ Kb7 53. e7
Bxe7 54. Rh7 Rg2 55. Rxe7+ Kb6 56. Re3 c2 57. g6 Kb5 58. Rc3 h3 59. Rxh3 Kb4
60. Rh7 a4 61. Rc7 Kb3 62. g7 1-0

[Event "10MCR_4DW_1L_2S"]
[Site "CR"]
[Date "2013.??.??"]
[Round "?"]
[White "Nedoma, Petr"]
[Black "Mikoska, Josef"]
[Result "1/2-1/2"]
[WhiteElo "2417"]
[BlackElo "2222"]
[Annotator "54"]
[PlyCount "127"]
[EventDate "2012.??.??"]
[EventType "corr"]

1. d4 Nf6 2. c4 g6 3. Nf3 Bg7 4. Nc3 O-O 5. e4 d6 6. h3 e5 7. d5 a5 8. Bd3 Na6
9. O-O Nc5 10. Bc2 b6 11. Rb1 Bd7 12. b3 c6 13. a3 cxd5 14. exd5 Nb7 15. Re1
Rc8 16. Bg5 Qc7 17. Rc1 Nh5 18. Be3 f5 19. Ng5 Nd8 20. Nb5 Qb8 21. Ne6 Rf7 22.
Nxg7 Kxg7 23. Nc3 f4 24. Bd2 Rf8 25. Ne4 Nf7 26. Bd3 Bf5 27. b4 axb4 28. axb4
Bxe4 29. Bxe4 Nf6 30. Bd3 Qb7 31. Qb3 Ra8 32. Ra1 Rfc8 33. Qb2 Rc7 34. Kh2 Qc8
35. Rxa8 Qxa8 36. Ra1 Ra7 37. Rxa7 Qxa7 38. Be1 Nh6 39. g3 fxg3+ 40. fxg3 Nf7
41. Bf2 Ng5 42. Be2 h5 43. Be3 Nfe4 44. Kg2 Qd7 45. g4 hxg4 46. Bxg4 Qa7 47. h4
Nf7 48. Bf3 Nf6 49. Qd2 Qc7 50. Be2 Ne4 51. Qc1 Qa7 52. Bd3 Nf6 53. b5 Ng4 54.
Bg1 Nf6 55. Qd2 Nh5 56. Be3 Nf4+ 57. Bxf4 exf4 58. Qxf4 Ne5 59. Be2 Qa2 60. Qe3
Kh7 61. Kf1 Qa1+ 62. Kf2 Qh1 63. Qf4 Kg7 64. Qd4 1/2-1/2

[Event "10MCR_4DW_1L_2S"]
[Site "CR"]
[Date "2013.??.??"]
[Round "?"]
[White "Hostinsky, Jiri"]
[Black "Mikoska, Josef"]
[Result "1-0"]
[WhiteElo "2391"]
[BlackElo "2222"]
[Annotator "55"]
[PlyCount "127"]
[EventDate "2012.??.??"]
[EventType "corr"]

1. e4 e5 2. Nf3 Nc6 3. d4 exd4 4. Nxd4 Bc5 5. Nb3 Bb6 6. Nc3 Nf6 7. Qe2 O-O 8.
Be3 Re8 9. f3 d5 10. O-O-O Be6 11. Kb1 d4 12. Na4 Bxb3 13. cxb3 Rc8 14. Bf2 a6
15. Nxb6 cxb6 16. g3 Qd6 17. Bg2 Red8 18. Bh3 Ra8 19. f4 Nd7 20. e5 Qg6+ 21.
Qd3 Qxd3+ 22. Rxd3 Nc5 23. Rdd1 g6 24. Bg2 Ne6 25. Rd2 Rd7 26. Rc1 Ne7 27. b4
Rad8 28. a3 Kg7 29. Ka2 h6 30. Kb3 Nf5 31. a4 h5 32. Re1 Kf8 33. Bf1 Ke7 34.
Red1 Kf8 35. Rd3 Ke7 36. h3 Ke8 37. Rf3 Ke7 38. Bc4 Ne3 39. Bxe3 dxe3 40. Rxd7+
Rxd7 41. Rxe3 h4 42. gxh4 Nxf4 43. b5 a5 44. Kc2 Rd8 45. Rf3 Rd4 46. b3 Re4 47.
Kd2 Ne6 48. Bxe6 Kxe6 49. Rf6+ Kxe5 50. Rxf7 Rxh4 51. Rxb7 Rd4+ 52. Kc3 Rd6 53.
Rc7 Kd5 54. Kd3 Rf6 55. Ke2 Rf4 56. Rc6 Rb4 57. Rxb6 Rxb3 58. Rxg6 Ra3 59. h4
Rxa4 60. h5 Kc5 61. b6 Re4+ 62. Kf3 Re7 63. h6 Rh7 64. Kg4 1-0

[Event "10MCR_4DW_1L_3S"]
[Site "CR"]
[Date "2012.??.??"]
[Round "?"]
[White "Cvak, Rudolf"]
[Black "Tunega, Frantisek"]
[Result "1/2-1/2"]
[WhiteElo "2375"]
[BlackElo "2287"]
[Annotator "01"]
[PlyCount "58"]
[EventDate "2012.??.??"]
[EventType "corr"]

1. e4 c5 2. Nf3 d6 3. d4 cxd4 4. Nxd4 Nf6 5. Nc3 a6 6. Bg5 e6 7. f4 Qb6 8. Qd2
Qxb2 9. Rb1 Qa3 10. f5 Nc6 11. fxe6 fxe6 12. Nxc6 bxc6 13. e5 dxe5 14. Bxf6
gxf6 15. Ne4 Be7 16. Be2 h5 17. Rf1 f5 18. Rf3 Qxa2 19. Rfb3 fxe4 20. Qc3 Bd8
21. Qxc6+ Bd7 22. Qxe4 Ke7 23. Rd1 Qa4 24. Rxd7+ Qxd7 25. Qxe5 Rh7 26. Rd3 Qb7
27. Bxh5 Qb1+ 28. Kd2 Qb4+ 29. Kd1 Qb1+ 1/2-1/2

[Event "10MCR_4DW_1L_3S"]
[Site "CR"]
[Date "2012.??.??"]
[Round "?"]
[White "Cvak, Rudolf"]
[Black "Struzka, Vlastimil"]
[Result "1/2-1/2"]
[WhiteElo "2375"]
[BlackElo "2224"]
[Annotator "02"]
[PlyCount "81"]
[EventDate "2012.??.??"]
[EventType "corr"]

1. e4 e5 2. Nf3 Nc6 3. Bc4 Nf6 4. Ng5 d5 5. exd5 Na5 6. Bb5+ c6 7. dxc6 bxc6 8.
Be2 h6 9. Nf3 e4 10. Ne5 Bd6 11. d4 exd3 12. Nxd3 O-O 13. b3 Bf5 14. Bb2 c5 15.
Nd2 Rc8 16. O-O c4 17. bxc4 Nxc4 18. Nxc4 Rxc4 19. g3 Re8 20. Re1 Ng4 21. Bf3
Rxe1+ 22. Qxe1 Rxc2 23. Rc1 Qc8 24. Qe2 Rxc1+ 25. Nxc1 Bc5 26. Nd3 Bb6 27. h3
Bxd3 28. Bxg4 Bxe2 29. Bxc8 Bf3 30. Ba6 Bc5 31. Kf1 f6 32. Bc3 Kf7 33. Be2 Bd5
34. a4 Ke7 35. h4 Kd6 36. a5 Kc6 37. h5 Bb3 38. f3 Kd5 39. Bd3 Bc4 40. Ke2 a6
41. g4 1/2-1/2

[Event "10MCR_4DW_1L_3S"]
[Site "CR"]
[Date "2012.??.??"]
[Round "?"]
[White "Nigrin, Jiri"]
[Black "Schwarz, Jan"]
[Result "1/2-1/2"]
[WhiteElo "2107"]
[BlackElo "2250"]
[Annotator "03"]
[PlyCount "49"]
[EventDate "2012.??.??"]
[EventType "corr"]

1. e4 c5 2. Nf3 e6 3. b3 b6 4. Bb2 Bb7 5. Qe2 Nf6 6. Nc3 Be7 7. e5 Nd5 8. Nxd5
Bxd5 9. g3 Nc6 10. Bg2 Qc7 11. c4 Bxf3 12. Bxf3 O-O 13. O-O f6 14. exf6 Bxf6
15. Bxf6 Rxf6 16. Qe3 Raf8 17. Bxc6 Qxc6 18. f4 d5 19. d3 Rf5 20. a4 dxc4 21.
bxc4 e5 22. fxe5 Rxf1+ 23. Rxf1 Rxf1+ 24. Kxf1 Qh1+ 25. Ke2 1/2-1/2

[Event "10MCR_4DW_1L_3S"]
[Site "CR"]
[Date "2012.??.??"]
[Round "?"]
[White "Leiner, Raimund"]
[Black "Ryska, Jiri"]
[Result "1/2-1/2"]
[WhiteElo "2379"]
[BlackElo "1900"]
[Annotator "04"]
[PlyCount "59"]
[EventDate "2012.??.??"]
[EventType "corr"]

1. d4 Nf6 2. c4 g6 3. Nc3 Bg7 4. e4 d6 5. Be2 O-O 6. Bg5 c5 7. d5 h6 8. Bf4 e6
9. dxe6 Bxe6 10. Bxd6 Re8 11. e5 Ng4 12. Bxg4 Bxg4 13. Qxg4 Qxd6 14. f4 Qd4 15.
Nge2 Qxc4 16. b3 Qb4 17. Qf3 Nc6 18. O-O Rad8 19. Nd5 Qa5 20. Rfd1 Kh8 21. Kh1
Rd7 22. Ndc3 Red8 23. Rxd7 Rxd7 24. Ne4 Nd4 25. Nxd4 Rxd4 26. Rg1 Qb4 27. a3
Qb6 28. Nd6 Bf8 29. Nxf7+ Kg7 30. Nd6 1/2-1/2

[Event "10MCR_4DW_1L_3S"]
[Site "CR"]
[Date "2012.??.??"]
[Round "?"]
[White "Leiner, Raimund"]
[Black "Cvak, Rudolf"]
[Result "1/2-1/2"]
[WhiteElo "2379"]
[BlackElo "2375"]
[Annotator "05"]
[PlyCount "66"]
[EventDate "2012.??.??"]
[EventType "corr"]

1. e4 c5 2. Nf3 d6 3. d4 cxd4 4. Nxd4 Nf6 5. Nc3 a6 6. Be3 e5 7. Nb3 Be6 8. Be2
Be7 9. Qd3 Nc6 10. O-O Rc8 11. a3 O-O 12. Nd5 Bxd5 13. exd5 e4 14. Qd2 Ne5 15.
Rac1 Nc4 16. Bxc4 Rxc4 17. Qe2 b5 18. Nd2 Rc8 19. Bd4 Nxd5 20. Qxe4 Nc7 21. c3
d5 22. Qd3 Ne6 23. Nf3 Bc5 24. Be5 Qd7 25. Rcd1 f6 26. Bg3 Rfd8 27. Rfe1 Bb6
28. Qc2 d4 29. Qf5 Rc6 30. cxd4 Nxd4 31. Nxd4 Bxd4 32. Qxd7 Rxd7 33. Kf1 Rc8
1/2-1/2

[Event "10MCR_4DW_1L_3S"]
[Site "CR"]
[Date "2012.??.??"]
[Round "?"]
[White "Schwarz, Jan"]
[Black "Cvak, Rudolf"]
[Result "1/2-1/2"]
[WhiteElo "2250"]
[BlackElo "2375"]
[Annotator "06"]
[PlyCount "90"]
[EventDate "2012.??.??"]
[EventType "corr"]

1. e4 e5 2. Nf3 Nf6 3. Nxe5 d6 4. Nf3 Nxe4 5. d4 d5 6. Bd3 Nc6 7. O-O Be7 8. c4
Nb4 9. Be2 O-O 10. Nc3 Bf5 11. a3 Nxc3 12. bxc3 Nc6 13. Re1 Re8 14. cxd5 Qxd5
15. Bf4 Bd6 16. c4 Qe4 17. Be3 Rad8 18. Qb3 Bf4 19. d5 Na5 20. Qb4 Bxe3 21. Bf1
Bxf2+ 22. Kxf2 Qc2+ 23. Kg1 Nb3 24. Rab1 Rxe1 25. Rxe1 Bd3 26. Bxd3 Qxd3 27.
Qe7 Rf8 28. Qxc7 Nd4 29. Nxd4 Qxd4+ 30. Kh1 f5 31. Qe7 f4 32. Qe6+ Rf7 33. Qe8+
Rf8 34. Qe4 Qd2 35. Rf1 h6 36. Qe6+ Kh8 37. Qe4 f3 38. gxf3 Rf4 39. Qe8+ Kh7
40. Qe1 Qc2 41. Rg1 Qd3 42. Qd1 Qxa3 43. Qb1+ Kg8 44. Qxb7 Qxf3+ 45. Rg2 Qd1+
1/2-1/2

[Event "10MCR_4DW_1L_3S"]
[Site "CR"]
[Date "2012.??.??"]
[Round "?"]
[White "Schwarz, Jan"]
[Black "Leiner, Raimund"]
[Result "1/2-1/2"]
[WhiteElo "2250"]
[BlackElo "2379"]
[Annotator "07"]
[PlyCount "44"]
[EventDate "2012.??.??"]
[EventType "corr"]

1. e4 e6 2. d4 d5 3. Nc3 Nf6 4. e5 Nfd7 5. f4 c5 6. Nf3 Nc6 7. Be3 cxd4 8. Nxd4
Bc5 9. Qd2 O-O 10. g3 a6 11. Bg2 Qc7 12. Nce2 Nxd4 13. Bxd4 b5 14. O-O Bb7 15.
c3 a5 16. Qe3 g6 17. Nc1 Bb6 18. Nb3 a4 19. Bxb6 Nxb6 20. Nd4 Nc4 21. Qf2 Qb6
22. Rfc1 b4 1/2-1/2

[Event "10MCR_4DW_1L_3S"]
[Site "CR"]
[Date "2012.??.??"]
[Round "?"]
[White "Nigrin, Jiri"]
[Black "Prchly, Milos"]
[Result "1/2-1/2"]
[WhiteElo "2107"]
[BlackElo "2293"]
[Annotator "08"]
[PlyCount "35"]
[EventDate "2012.??.??"]
[EventType "corr"]

1. e4 c5 2. Nf3 d6 3. Bb5+ Bd7 4. Bxd7+ Qxd7 5. c4 Nc6 6. Nc3 g6 7. d4 cxd4 8.
Nxd4 Bg7 9. Be3 Nf6 10. f3 O-O 11. O-O Rfc8 12. b3 Qd8 13. Qd2 Qa5 14. Rad1 a6
15. Nxc6 Rxc6 16. Nd5 Qxd2 17. Rxd2 Nxd5 18. exd5 1/2-1/2

[Event "10MCR_4DW_1L_3S"]
[Site "CR"]
[Date "2012.??.??"]
[Round "?"]
[White "Ryska, Jiri"]
[Black "Schwarz, Jan"]
[Result "1/2-1/2"]
[WhiteElo "1900"]
[BlackElo "2250"]
[Annotator "09"]
[PlyCount "75"]
[EventDate "2012.??.??"]
[EventType "corr"]

1. e4 c5 2. c3 Nf6 3. e5 Nd5 4. d4 cxd4 5. Nf3 e6 6. cxd4 d6 7. Nc3 Nxc3 8.
bxc3 Qc7 9. Bd2 Nd7 10. Ng5 h6 11. exd6 Bxd6 12. Ne4 Bf4 13. Bxf4 Qxf4 14. Bd3
b6 15. Qd2 Qc7 16. O-O Bb7 17. Rfe1 O-O 18. Rad1 Rac8 19. c4 Rfd8 20. h3 Nf8
21. Ng3 f5 22. Ne2 Qe7 23. d5 exd5 24. Bxf5 Rxc4 25. Bd3 Rc5 26. Nd4 Qf6 27.
Re3 Bc8 28. Rde1 Bd7 29. a4 Nh7 30. Ne6 Bxe6 31. Rxe6 Qc3 32. Qe3 Rc7 33. Re7
Nf6 34. Qe6+ Kh8 35. Qf5 Rxe7 36. Rxe7 a5 37. Rf7 Ne4 38. Rf8+ 1/2-1/2

[Event "10MCR_4DW_1L_3S"]
[Site "CR"]
[Date "2012.??.??"]
[Round "?"]
[White "Leiner, Raimund"]
[Black "Nigrin, Jiri"]
[Result "1/2-1/2"]
[WhiteElo "2379"]
[BlackElo "2107"]
[Annotator "10"]
[PlyCount "62"]
[EventDate "2012.??.??"]
[EventType "corr"]

1. d4 Nf6 2. c4 g6 3. Nc3 d5 4. e3 Bg7 5. Nf3 O-O 6. cxd5 Nxd5 7. Bc4 Nxc3 8.
bxc3 c5 9. O-O Qc7 10. Qe2 Nc6 11. h3 b6 12. Bb2 Bb7 13. Rfd1 Na5 14. Bd3 Rac8
15. Rac1 Rfd8 16. Ba3 Qc6 17. Bb5 Qe6 18. Ng5 Qf6 19. f4 h6 20. Nf3 Qf5 21. Bd3
Be4 22. Ba6 Rb8 23. Ne5 Nb7 24. Rd2 Rbc8 25. c4 Rc7 26. Bb2 cxd4 27. exd4 f6
28. Ng4 Qa5 29. Bxb7 Bxb7 30. d5 Qc5+ 31. Kh1 Qd6 1/2-1/2

[Event "10MCR_4DW_1L_3S"]
[Site "CR"]
[Date "2012.??.??"]
[Round "?"]
[White "Struzka, Vlastimil"]
[Black "Nigrin, Jiri"]
[Result "0-1"]
[WhiteElo "2224"]
[BlackElo "2107"]
[Annotator "11"]
[PlyCount "92"]
[EventDate "2012.??.??"]
[EventType "corr"]

1. d4 Nf6 2. Nc3 d5 3. Nf3 Bf5 4. Bf4 e6 5. e3 Bd6 6. Bd3 Bxd3 7. Qxd3 Nc6 8.
O-O O-O 9. Bg5 h6 10. Bh4 g5 11. Bg3 Bxg3 12. fxg3 Kg7 13. Rae1 Qd6 14. e4 dxe4
15. Nxe4 Nxe4 16. Qxe4 Qd5 17. Qe3 Rad8 18. c3 Ne7 19. Ne5 Qxa2 20. Ng4 f6 21.
Qxe6 Qxe6 22. Rxe6 Ng8 23. Ne3 Rfe8 24. Rxe8 Rxe8 25. Kf2 h5 26. Ke2 Ne7 27.
Ra1 Nd5 28. Rxa7 Nxe3 29. Kd3 Nxg2 30. Rxb7 Re7 31. d5 Ne1+ 32. Kd2 Nf3+ 33.
Kd3 Kf7 34. h3 h4 35. gxh4 Nxh4 36. c4 f5 37. c5 f4 38. Ra7 Nf5 39. Ra1 Re5 40.
b4 f3 41. d6 cxd6 42. c6 Ke7 43. c7 Kd7 44. Rc1 Re3+ 45. Kd2 Kc8 46. b5 Rb3 0-1

[Event "10MCR_4DW_1L_3S"]
[Site "CR"]
[Date "2012.??.??"]
[Round "?"]
[White "Struzka, Vlastimil"]
[Black "Schwarz, Jan"]
[Result "1/2-1/2"]
[WhiteElo "2224"]
[BlackElo "2250"]
[Annotator "12"]
[PlyCount "115"]
[EventDate "2012.??.??"]
[EventType "corr"]

1. d4 Nf6 2. Nc3 d5 3. Bf4 Bf5 4. e3 e6 5. Bd3 Bxd3 6. cxd3 Bd6 7. Qb3 Bxf4 8.
Qxb7 Nbd7 9. exf4 c5 10. Nf3 O-O 11. O-O cxd4 12. Ne2 Qa5 13. Qb3 Rab8 14. Qc2
Rfc8 15. Qb1 Nc5 16. b3 Nfd7 17. Nfxd4 g6 18. a3 Qa6 19. Rd1 e5 20. fxe5 Nxe5
21. h3 Na4 22. b4 Nc3 23. Nxc3 Rxc3 24. b5 Qa4 25. Qb4 Qxb4 26. axb4 Nxd3 27.
Ne2 Rb3 28. Rxa7 Nxb4 29. Rc7 h5 30. Nd4 Rb2 31. g4 h4 32. Kg2 Ra8 33. Rc3 Na2
34. Rcd3 Ra4 35. Nf3 Rxb5 36. Rxd5 Rxd5 37. Rxd5 Nc3 38. Rd8+ Kg7 39. Nxh4 Ne2
40. Rd2 Nf4+ 41. Kg3 f5 42. Rb2 Kh6 43. Rc2 Kh7 44. Rd2 Kg7 45. Rd7+ Kh6 46.
Re7 Rb4 47. Re5 Kg7 48. Nf3 Nxh3 49. gxf5 Nf4 50. fxg6 Kxg6 51. Nh4+ Kg7 52.
Ng2 Nxg2 53. Kxg2 Kf6 54. Ra5 Rg4+ 55. Kf3 Rc4 56. Kg3 Re4 57. Rd5 Rc4 58. Rd8
1/2-1/2

[Event "10MCR_4DW_1L_3S"]
[Site "CR"]
[Date "2012.??.??"]
[Round "?"]
[White "Ryska, Jiri"]
[Black "Nigrin, Jiri"]
[Result "1/2-1/2"]
[WhiteElo "1900"]
[BlackElo "2107"]
[Annotator "13"]
[PlyCount "119"]
[EventDate "2012.??.??"]
[EventType "corr"]

1. e4 c5 2. Nf3 d6 3. d4 cxd4 4. Nxd4 Nf6 5. Nc3 a6 6. Bg5 e6 7. f4 h6 8. Bh4
Be7 9. Qf3 Nbd7 10. Bf2 Qc7 11. a3 b5 12. Be2 Bb7 13. Qe3 Rc8 14. Bf3 e5 15.
Nf5 Bf8 16. fxe5 dxe5 17. Qd2 g6 18. Ne3 b4 19. axb4 Bxb4 20. Ned5 Nxd5 21.
exd5 Qc4 22. Kd1 O-O 23. Re1 Rfd8 24. Re4 Qf1+ 25. Re1 Bxc3 26. bxc3 Qc4 27.
Kc1 Qxc3 28. Qxc3 Rxc3 29. Kd2 Rdc8 30. Ra2 R3c4 31. Rb1 Ba8 32. Be2 Rf4 33.
Be3 Bxd5 34. Ra5 Bxg2 35. Bxf4 exf4 36. Bxa6 Rc7 37. Bf1 Bxf1 38. Rxf1 g5 39.
Rfa1 Nc5 40. Ra7 Rc6 41. Re7 Kg7 42. Raa7 Rf6 43. Ke1 Kg6 44. Kf1 g4 45. Re8
Ne6 46. Rea8 Kh5 47. Ra4 Kh4 48. R8a5 f3 49. c4 Rf4 50. c5 Rxa4 51. Rxa4 Nxc5
52. Rf4 Nd3 53. Rxf7 Kh3 54. Rh7 Kxh2 55. Rxh6+ Kg3 56. Rh7 Ne5 57. Rg7 Nc4 58.
Rf7 Nd6 59. Rf8 Nc4 60. Rf7 1/2-1/2

[Event "10MCR_4DW_1L_3S"]
[Site "CR"]
[Date "2012.??.??"]
[Round "?"]
[White "Tunega, Frantisek"]
[Black "Ryska, Jiri"]
[Result "0-1"]
[WhiteElo "2287"]
[BlackElo "1900"]
[Annotator "14"]
[PlyCount "82"]
[EventDate "2012.??.??"]
[EventType "corr"]

1. e4 c5 2. Nf3 d6 3. d4 cxd4 4. Nxd4 Nf6 5. Nc3 a6 6. Be3 e5 7. Nb3 Be6 8. f3
Be7 9. Qd2 Nbd7 10. O-O-O b5 11. g4 Nb6 12. g5 Nfd7 13. Na5 b4 14. Nd5 Nxd5 15.
exd5 Qxa5 16. dxe6 fxe6 17. Bh3 Qxa2 18. Qxb4 Rb8 19. Qa3 Qxa3 20. bxa3 Kf7 21.
f4 d5 22. fxe5 Bxa3+ 23. Kd2 Nxe5 24. Rhf1+ Ke7 25. Bd4 Nc4+ 26. Ke2 e5 27. Ba7
Rb7 28. Bg1 d4 29. Rf5 Rd8 30. Bg2 Rb5 31. Rff1 a5 32. Be4 Bb2 33. g6 hxg6 34.
Bf2 Rh8 35. Bd3 Rb4 36. Be1 Bc3 37. Bxc3 Rxh2+ 38. Rf2 Rxf2+ 39. Kxf2 dxc3 40.
Bxc4 Rxc4 41. Rd5 Kf6 0-1

[Event "10MCR_4DW_1L_3S"]
[Site "CR"]
[Date "2012.??.??"]
[Round "?"]
[White "Ryska, Jiri"]
[Black "Prchly, Milos"]
[Result "1/2-1/2"]
[WhiteElo "1900"]
[BlackElo "2293"]
[Annotator "15"]
[PlyCount "71"]
[EventDate "2012.??.??"]
[EventType "corr"]

1. e4 c5 2. Nf3 d6 3. d4 cxd4 4. Nxd4 Nf6 5. Nc3 g6 6. Be3 Bg7 7. f3 O-O 8. Qd2
Nc6 9. Bc4 Bd7 10. O-O-O Rc8 11. Bb3 Ne5 12. h4 h5 13. Bg5 Rc5 14. Rhe1 b5 15.
f4 Nc4 16. Bxc4 Rxc4 17. e5 b4 18. exf6 bxc3 19. Qd3 Rxd4 20. Qxd4 exf6 21.
Qxd6 fxg5 22. Qxd7 Qa5 23. Re8 Qxa2 24. Rxf8+ Bxf8 25. bxc3 gxf4 26. Qd8 Kg7
27. Qd4+ Kh7 28. Kd2 Qe6 29. Re1 Qc6 30. Qe4 Qf6 31. Qd5 Bg7 32. c4 Qxh4 33.
Qxf7 Qf2+ 34. Re2 Qd4+ 35. Ke1 a5 36. g4 1/2-1/2

[Event "10MCR_4DW_1L_3S"]
[Site "CR"]
[Date "2012.??.??"]
[Round "?"]
[White "Alexa, Jaroslav"]
[Black "Leiner, Raimund"]
[Result "1/2-1/2"]
[WhiteElo "2345"]
[BlackElo "2379"]
[Annotator "16"]
[PlyCount "60"]
[EventDate "2012.??.??"]
[EventType "corr"]

1. d4 d5 2. c4 c6 3. Nf3 Nf6 4. Nc3 e6 5. Bg5 Nbd7 6. e3 Qa5 7. cxd5 exd5 8.
Bd3 Ne4 9. O-O Nxg5 10. Nxg5 Nf6 11. Qc2 h6 12. Nf3 Bd6 13. Rae1 O-O 14. Ne5
Be6 15. f4 Rad8 16. Na4 Rfe8 17. a3 Ne4 18. b4 Qc7 19. Nc5 Bxc5 20. bxc5 Bf5
21. g4 Bh7 22. f5 f6 23. Bxe4 fxe5 24. Bf3 Re7 25. Qf2 Rde8 26. e4 dxe4 27.
Rxe4 Kh8 28. Bg2 exd4 29. Rxe7 Qxe7 30. Qxd4 Rd8 1/2-1/2

[Event "10MCR_4DW_1L_3S"]
[Site "CR"]
[Date "2012.??.??"]
[Round "?"]
[White "Latta, Hynek"]
[Black "Schwarz, Jan"]
[Result "1/2-1/2"]
[WhiteElo "2143"]
[BlackElo "2250"]
[Annotator "17"]
[PlyCount "51"]
[EventDate "2012.??.??"]
[EventType "corr"]

1. d4 Nf6 2. c4 e6 3. Nf3 d5 4. Nc3 c6 5. e3 Nbd7 6. Qc2 Bd6 7. Bd3 O-O 8. O-O
dxc4 9. Bxc4 b5 10. Be2 Bb7 11. Rd1 Qc7 12. Bd2 a6 13. b4 e5 14. a3 h6 15. Rac1
Rfe8 16. Bd3 exd4 17. exd4 Nb6 18. Re1 Rad8 19. Ne2 Bc8 20. Qxc6 Qb8 21. Ng3
Rxe1+ 22. Rxe1 Bb7 23. Qc2 Bxf3 24. gxf3 Bf4 25. Be3 Nfd5 26. Bxf4 1/2-1/2